000 01345nam a2200241Ia 4500
999 _c56665
_d56665
001 23787
003 GE_BSU
005 20241113152743.0
008 181216s1971||||ge |||||||||||||| ||geo||
040 _cGE_BSU
041 _ageo
080 _a611-053.2(075.8) + 612-053.2(075.8) + 613.95(075.8)გ-13
100 _aგაბუნია, დავით.
_923685
245 _aბავშვის ანატომია, ფიზიოლოგია და ჰიგიენა:
_b [სახელმძღვ. პედ. ინ-ტების სტუდენტთათვის] /
_cდ.გაბუნია, თ.ნამორაძე, რედ. ე. ბაგრატიონი
264 _aთბილისი :
_bგანათლება,
_c1971.
300 _a452გვ. :
_b ილ.: 2 ჩართ. ფ. ილ.
_c 22 სმ.
653 _aბავშვის ანატომია, ფიზიოლოგია და ჰიგიენა
653 _aბავშვის ანატომია; ბავშვის ფიზიოლოგია; ბავშვის ჰიგიენა
653 _aმედიცინა
700 _aნამორაძე, თ
_922458
700 _aბაგრატიონი, ე
_eრედაქტორი
_923686
942 _cBK
_2udc